Normal view
MARC view
- Gardiner and Theobald
Entry Corporate Name
001 - CONTROL NUMBER
- control field: 5635
003 - CONTROL NUMBER IDENTIFIER
- control field: SIRSI
005 - DATE AND TIME OF LATEST TRANSACTION
- control field: 20190806150244.0
008 - FIXED-LENGTH DATA ELEMENTS
- fixed length control field: 081103n| acannaabn |n ana d
040 ## - CATALOGING SOURCE
- Original cataloging agency: OSt
- Transcribing agency: OSt
110 2# - HEADING--CORPORATE NAME
- Corporate name or jurisdiction name as entry element: Gardiner and Theobald
- Subordinate unit: Construction and Property Consultancy
670 ## - SOURCE DATA FOUND
- Source citation: Tender price indicator, 2008